000 00467nam a2200193 a 4500
001 13427
003 CO-ViMGA
008 141112s2004 ck r 000 u spa d
020 _a8448001184
040 _aCO-ViMGA
_bspa
_cCO-ViMGA
082 0 4 _aCLAy
100 1 _aClarke, Gus
_919590
245 1 0 _aY llego Eric
260 _aBarcelona :
_bCeac,
_c1994
300 _a24 : ils
490 _aLa nube de algodon
650 1 4 _aCUENTOS INFANTILES
_92743
942 _2ddc
_cBK
999 _c24156
_d24156